000 00147 a2200073 4500
020 _a180278
082 _2NSO F MMIN
_aNSO
_b1
245 _aNGWANA WA MOBU
999 _c796037
_d796036
942 _w438
_xLucy Nkosi
_y438
_zLucy Nkosi